00450nam a2200181Ia 4500008004100000020001800041050001400059100002500073245002100098245005500119260001500174260001600189260000900205300001400214300002200228300001000250500000800260170918s9999 xx 000 0 und d a9780590092425 bB879 1947 aBrown, Margaret Wise aGoodnight moon / cby Margaret Wise Brown ; pictures by Clement Hurd. aNew York : bScholastic, c1947 aunpaged : bchiefly colored ; c16cm. a200